Statystyki dla Kierowcy F1 2017

Kliknij tutaj aby rozwiązać quiz!

Ogólne statystyki

  • Ten quiz został rozwiązany 27 razy
  • Średni wynik to 17 z 20

Statystyki odpowiedzi

NumerKierowca% Poprawnych
44Lewis Hamilton
100%
5Sebastian Vettel
100%
3Daniel Ricciardo
96%
14Fernando Alonso
96%
77Valtteri Bottas
96%
55Carlos Sainz
91%
20Kevin Magnussen
91%
7Kimi Raikkonen
91%
33Max Verstappen
91%
27Nico Hulkenberg
91%
8Romain Grosjean
87%
11Sergio Perez
87%
19Felipe Massa
83%
18Lance Stroll
83%
26Daniil Kvyat
78%
31Esteban Ocon
78%
9Marcus Ericsson
78%
2Stoffel Vandoorne
78%
30Jolyon Palmer
65%
94Pascal Wehrlein
57%

Rozkład punktacji

Percentyl według liczby udzielonych odpowiedzi

Procent ludzi z każdym wynikiem

Twoja historia wyników

Nie rozwiązałeś tego quizu